000 00394nam a2200133Ia 4500
008 100328s9999 xx 000 0 und d
082 _b37044
100 _aपाटेकर श्रीकांत
245 _aषडयंत्र
260 _bडायमंड पॉकेट बुक्स
630 _aषडयंत्र
730 _aषडयंत्र
942 _cBOOK
999 _c526574
_d526571